| 000 | 00544nam a22001937a 4500 | ||
|---|---|---|---|
| 003 | OSt | ||
| 005 | 20160822163803.0 | ||
| 008 | 160822b xxu||||| |||| 00| 0 eng d | ||
| 020 | _a0340806370 | ||
| 040 | _cDNLM | ||
| 082 | _aWD750A51a 2002. | ||
| 100 |
_aEdited by Cummin,R.C.andrew;Nicholson,N.Anthony; _910847 |
||
| 245 | _aAviation Medicine and the Airline Passengers. | ||
| 260 |
_aLondon. _bArnold. _c2002. |
||
| 300 |
_avi,216p; _bill; _c25cm. |
||
| 504 | _aIncludes Index. | ||
| 650 |
_aAviation Medicine. _910848 |
||
| 942 |
_2z _cO_SHELF |
||
| 999 |
_c5059 _d5059 |
||